000 00672nam a22002297a 4500
003 UA-OsUOA
001 86907
007 ta
008 20120912b un ||||| |||| 00| 0 ukr d
100 _aЗнаменская Г.
090 _a82.09(44)
_bЗ-72
942 _cBK
040 _aUA-OsUOA
_brus
_cUA-OsUOA
_dUA-OsUOA
245 _aГенрих Манн
_bКритико-биографический очерк
300 _a186 с.
955 _a1
041 _arus
080 _a82.09(44)
260 _aМ.
_bХудожественная литература
_c1971
650 7 _a82 Література. Літературознавство
_2UDC
999 _c373096
_d373096